LEADER 01661nam 2200409Ia 450 001 996390398203316 005 20221107214727.0 035 $a(CKB)1000000000651024 035 $a(EEBO)2240897504 035 $a(OCoLC)9920458400971 035 $a(EXLCZ)991000000000651024 100 $a19950918d1560 uy | 101 0 $aeng 135 $aurbn||||a|bb| 200 10$aBy the Quene$b[electronic resource] $ethe Quenes Maiestie vnderstandyng that where of late the peece of golde called the pistolet was made currant at fyue shyllynges and ten pence .. 210 $aLondon $cImprinted by Richard Iugge and Iohn Cawood, printers to the Quenes Maiestie$d[1560] 215 $a1 sheet ([1] p.) 300 $aFormerly STC 7919. Line 1 of text ends "late". Space for the cut of second coin left blank, with cut from 7920 pasted over ms. "apologie". 300 $aOther title information from first 3 lines of text. 300 $a"Anno 1560. 2. Novembris. The seconde yere of her Maiesties raigne." 300 $a"Cum priuilegio Regiæ Maiestatis." 300 $aReproduction of original in: British Library. 330 $aeebo-0018 606 $aLegal tender$zEngland 606 $aCoinage$xLaw and legislation$zEngland 607 $aGreat Britain$xHistory$yElizabeth, 1558-1603 608 $aBroadsides$zLondon (England)$y16th century.$2rbgenr 615 0$aLegal tender 615 0$aCoinage$xLaw and legislation 701 $aElizabeth$cQueen of England,$f1533-1603.$0996842 801 0$bEBK 801 1$bEBK 801 2$bWaOLN 906 $aBOOK 912 $a996390398203316 996 $aBy the Quene$92298600 997 $aUNISA LEADER 00514nam 2200169z- 450 001 9910693635603321 035 $a(CKB)4970000000059064 035 $a(EXLCZ)994970000000059064 100 $a20240129c2002uuuu -u- - 101 0 $aeng 200 00$aWelfare reform : job access program improves local service coordination, but evaluation should be completed 210 $aWashington, D.C 517 $aWelfare Reform 906 $aDOCUMENT 912 $a9910693635603321 996 $aWelfare reform$93096253 997 $aUNINA LEADER 04855nam 22007815 450 001 9910254811503321 005 20251225212250.0 010 $a3-319-62594-2 024 7 $a10.1007/978-3-319-62594-2 035 $a(CKB)4340000000062269 035 $a(DE-He213)978-3-319-62594-2 035 $a(MiAaPQ)EBC6303600 035 $a(MiAaPQ)EBC5578890 035 $a(Au-PeEL)EBL5578890 035 $a(OCoLC)995161772 035 $a(PPN)203666208 035 $a(EXLCZ)994340000000062269 100 $a20170719d2017 u| 0 101 0 $aeng 135 $aurnn|008mamaa 181 $ctxt$2rdacontent 182 $cc$2rdamedia 183 $acr$2rdacarrier 200 10$aCloud Computing and Services Science $e6th International Conference, CLOSER 2016, Rome, Italy, April 23-25, 2016, Revised Selected Papers /$fedited by Markus Helfert, Donald Ferguson, Victor Méndez Muñoz, Jorge Cardoso 205 $a1st ed. 2017. 210 1$aCham :$cSpringer International Publishing :$cImprint: Springer,$d2017. 215 $a1 online resource (XIV, 383 p. 135 illus.) 225 1 $aCommunications in Computer and Information Science,$x1865-0937 ;$v740 311 08$a3-319-62593-4 327 $aInvited Papers -- Supporting Users in Data Outsourcing and Protection in the Cloud -- Native Cloud Applications: Why Monolithic Virtualization is Not their Foundation -- Papers -- Delegated Audit of Cloud Provider Chains using Provider Provisioned Mobile Evidence Collection -- Trade-offs based Decision System for Adoption of Cloud-based Services -- Toward Proactive Learning of Multi-layered Cloud Service based Application -- Map Reduce Autoscaling over the Cloud with Process Mining Monitoring -- Detecting Anomaly in Cloud Platforms using a Wavelet-based Framework -- Security SLA in Next Generation Data Centers, the SPECS Approach -- Dynamically Loading Mobile/Cloud Assemblies -- Investigation of Impacts on Network Performance in the Advance of a Microservice Design -- An Universal Approach for Compliance Management Using Compliance Descriptors -- Fostering the Reuse of TOSCA-based Applications by Merging BPEL Management Plans -- Experimental Study on Performance and Energy Consumption of Hadoop in Cloud Environments -- Towards a Framework for Privacy-preserving Data Sharing in Portable Clouds -- Cost Analysis Comparing HPC Public Versus Private Cloud Computing -- Ming: Model- and View-based Deployment and Adaptation of Cloud Datacenters -- A Generic Framework for Representing Context-aware Security Policies in the Cloud -- Towards Outsourced and Individual Service Consumption Clearing in Connected Mobility Solutions. 330 $aThis book constitutes extended, revised and selected papers from the 6th International Conference on Cloud Computing and Services Science, CLOSER 2016, held in Rome, Italy, in April 2016. The 16 papers presented in this volume were carefully reviewed and selected from a total of 123 submissions. The volume also contains two invited papers. CLOSER 2016 focused on the emerging area of cloud computing, inspired by recent advances related to infrastructures, operations, and service availability through global networks. It also studied the influence of service science in this area. 410 0$aCommunications in Computer and Information Science,$x1865-0937 ;$v740 606 $aSoftware engineering 606 $aBusiness information services 606 $aApplication software 606 $aData protection 606 $aData mining 606 $aElectronic commerce 606 $aSoftware Engineering 606 $aIT in Business 606 $aComputer and Information Systems Applications 606 $aData and Information Security 606 $aData Mining and Knowledge Discovery 606 $ae-Commerce and e-Business 615 0$aSoftware engineering. 615 0$aBusiness information services. 615 0$aApplication software. 615 0$aData protection. 615 0$aData mining. 615 0$aElectronic commerce. 615 14$aSoftware Engineering. 615 24$aIT in Business. 615 24$aComputer and Information Systems Applications. 615 24$aData and Information Security. 615 24$aData Mining and Knowledge Discovery. 615 24$ae-Commerce and e-Business. 676 $a004 702 $aHelfert$b Markus$4edt$4http://id.loc.gov/vocabulary/relators/edt 702 $aFerguson$b Donald$4edt$4http://id.loc.gov/vocabulary/relators/edt 702 $aMéndez Muñoz$b Victor$4edt$4http://id.loc.gov/vocabulary/relators/edt 702 $aCardoso$b Jorge$4edt$4http://id.loc.gov/vocabulary/relators/edt 801 0$bMiAaPQ 801 1$bMiAaPQ 801 2$bMiAaPQ 906 $aBOOK 912 $a9910254811503321 996 $aCloud computing and services science$91891832 997 $aUNINA